Eastern Utah Libraries Catalog: Duchesne, Heber, Roosevelt, & Vernal

Eldest (Record no. 45508)

MARC details
000 -LEADER
fixed length control field 02536cim a2200625Ia 4500
001 - CONTROL NUMBER
control field 1487174
005 - DATE AND TIME OF LATEST TRANSACTION
control field 20241220120341.0
007 - PHYSICAL DESCRIPTION FIXED FIELD--GENERAL INFORMATION
fixed length control field sd fungnn|||uu
008 - FIXED-LENGTH DATA ELEMENTS--GENERAL INFORMATION
fixed length control field 050825s2005 nyunnnnd f n eng d
020 ## - INTERNATIONAL STANDARD BOOK NUMBER
International Standard Book Number 9780307280725
Terms of availability $54.99
024 1# - OTHER STANDARD IDENTIFIER
Standard number or code 9780307280725
028 02 - PUBLISHER NUMBER
Publisher number YA 713A
Source Listening Library
028 01 - PUBLISHER NUMBER
Publisher number CB308
Source Recorded Books
035 ## - SYSTEM CONTROL NUMBER
System control number (OCoLC)ocm61342094
035 ## - SYSTEM CONTROL NUMBER
System control number (OCoLC)61342094
Canceled/invalid control number (OCoLC)213504141
035 ## - SYSTEM CONTROL NUMBER
System control number 1184854
040 ## - CATALOGING SOURCE
Original cataloging agency GEC
Transcribing agency GEC
Modifying agency BAKER
-- EHH
-- RECBX
-- BTCTA
-- NXA
-- TXATL
Description conventions rda
049 ## - LOCAL HOLDINGS (OCLC)
Holding library MAIN
050 14 - LIBRARY OF CONGRESS CALL NUMBER
Classification number PZ7.P19535
Item number El 2005d
082 14 - DEWEY DECIMAL CLASSIFICATION NUMBER
Classification number [Fic]
Edition number 22
092 ## - LOCALLY ASSIGNED DEWEY CALL NUMBER (OCLC)
Classification number F
999 ## - SYSTEM CONTROL NUMBERS (KOHA)
Koha Dewey Subclass [OBSOLETE] F
100 1# - MAIN ENTRY--PERSONAL NAME
Personal name Paolini, Christopher.
9 (RLIN) 50401
245 10 - TITLE STATEMENT
Title Eldest
Medium [sound recording] /
Statement of responsibility, etc Christopher Paolini.
260 ## - PUBLICATION, DISTRIBUTION, ETC. (IMPRINT)
Place of publication, distribution, etc New York :
Name of publisher, distributor, etc Random House/Listening Library,
Date of publication, distribution, etc p2005.
264 ## - Production, Publication, Distribution, Manufacture, and Copyright Notice.
Place of production, publication, distribution, manufacture New York :
Name of producer, publisher, distributor, manufacturer Random House/Listening Library,
Date of production, publication, distribution, manufacture, or copyr p2005.
300 ## - PHYSICAL DESCRIPTION
Extent 20 sound discs (23 hrs., 27 min.) :
Other physical details digital ;
Dimensions 4 3/4 in.
336 ## - Content Type
Content type term cd
337 ## - Media type
Media type term cd
338 ## - Carrier type
Carrier type term cd
490 1# - SERIES STATEMENT
Series statement Inheritance ;
Volume number/sequential designation bk. 2
500 ## - GENERAL NOTE
General note Unabridged.
500 ## - GENERAL NOTE
General note Compact discs.
508 ## - CREATION/PRODUCTION CREDITS NOTE
Creation/production credits note Producer, Taro Meyer ; executive producer, Jacob Bronstein.
511 0# - PARTICIPANT OR PERFORMER NOTE
Participant or performer note Read by Gerard Doyle.
520 ## - SUMMARY, ETC.
Summary, etc After successfully evading an Urgals ambush, Eragon is adopted into the Ingeitum clan and sent to finish his training so he can further help the Varden in their struggle against the Empire.
530 ## - ADDITIONAL PHYSICAL FORM AVAILABLE NOTE
Additional physical form available note Issued also as Unabridged Fiction on CD with book.
530 ## - ADDITIONAL PHYSICAL FORM AVAILABLE NOTE
Additional physical form available note Issued also on cassette.
650 #0 - SUBJECT ADDED ENTRY--TOPICAL TERM
Topical term or geographic name as entry element Fantasy.
9 (RLIN) 6394311
650 #0 - SUBJECT ADDED ENTRY--TOPICAL TERM
Topical term or geographic name as entry element Dragons
Form subdivision Juvenile fiction.
9 (RLIN) 5673921
650 #0 - SUBJECT ADDED ENTRY--TOPICAL TERM
Topical term or geographic name as entry element Youths' writings.
9 (RLIN) 6394312
650 #1 - SUBJECT ADDED ENTRY--TOPICAL TERM
Topical term or geographic name as entry element Fantasy.
9 (RLIN) 6394311
650 #1 - SUBJECT ADDED ENTRY--TOPICAL TERM
Topical term or geographic name as entry element Dragons
Form subdivision Fiction.
9 (RLIN) 5673926
650 #1 - SUBJECT ADDED ENTRY--TOPICAL TERM
Topical term or geographic name as entry element Youths' writings.
9 (RLIN) 6394312
655 #7 - INDEX TERM--GENRE/FORM
Genre/form data or focus term Audiobooks.
9 (RLIN) 6394313
690 ## - LOCAL SUBJECT ADDED ENTRY--TOPICAL TERM (OCLC, RLIN)
Topical term or geographic name as entry element Audiobooks on CD.
700 1# - ADDED ENTRY--PERSONAL NAME
Personal name Doyle, Gerard.
9 (RLIN) 58826
800 1# - SERIES ADDED ENTRY--PERSONAL NAME
Personal name Paolini, Christopher.
Title of a work Inheritance ;
Volume/sequential designation bk. 2.
9 (RLIN) 50402
942 ## - ADDED ENTRY ELEMENTS (KOHA)
Source of classification or shelving scheme Dewey Decimal Classification
Koha item type Audiobook on CD
948 ## - LOCAL PROCESSING INFORMATION (OCLC); SERIES PART DESIGNATOR (RLIN)
Series part designator, SPT (RLIN) BWR
b (OCLC) TEEN
p (OCLC) X103727709
k (OCLC) YA
h (OCLC) F
f (OCLC) 1
r (OCLC) 4
g (OCLC) 1
7 (OCLC) 0
u (OCLC) 3
w (OCLC) 8
s (OCLC) 0
o (OCLC) BWR
0 (OCLC) 54.99
y (OCLC) 99
c (OCLC) 8
j (OCLC) Dewey Decimal
n (OCLC) On-Order
1 (OCLC) 20
e (OCLC) 237024-1
948 ## - LOCAL PROCESSING INFORMATION (OCLC); SERIES PART DESIGNATOR (RLIN)
Series part designator, SPT (RLIN) BPG
b (OCLC) CHILDREN'S
f (OCLC) 1
g (OCLC) 1
h (OCLC) F
j (OCLC) Dewey Decimal
k (OCLC) J
m (OCLC) 0
n (OCLC) On Route from Vendor
o (OCLC) BPG
p (OCLC) X97537666
r (OCLC) 3
s (OCLC) 0
u (OCLC) 2
w (OCLC) 8
y (OCLC) 99
0 (OCLC) 55.00
948 ## - LOCAL PROCESSING INFORMATION (OCLC); SERIES PART DESIGNATOR (RLIN)
Series part designator, SPT (RLIN) BWH
b (OCLC) CHILDREN'S
f (OCLC) 1
g (OCLC) 1
h (OCLC) F
j (OCLC) Dewey Decimal
k (OCLC) J
m (OCLC) 0
n (OCLC) On Route from Vendor
o (OCLC) BWH
p (OCLC) X97537864
r (OCLC) 3
s (OCLC) 0
u (OCLC) 2
w (OCLC) 8
y (OCLC) 99
0 (OCLC) 55.00
Holdings
Withdrawn status Lost status Source of classification or shelving scheme Materials specified (bound volume or other part) Damaged status Not for loan Collection code Home library Current library Shelving location Date acquired Source of acquisition Serial Enumeration / chronology Total Checkouts Total Renewals Full call number Barcode Checked out Date last seen Date checked out Cost, replacement price Price effective from Koha item type
    Dewey Decimal Classification 20 discs     Young Adult Audiobooks Wasatch County Library Wasatch County Library Main Floor Teen Area 09/15/2005 Amazon #2 94 8 YA CD Paolini 34301000669798 04/17/2026 02/18/2026 02/18/2026 55.00 03/20/2020 Audiobook on CD
This project was made possible through a grant from the Institute of Museum and Library Service administered by the Utah State Library Division.

Wasatch County Library

  • 465 East 1200 South, Heber City, Utah 84032
  • Phone 435-654-1511 | Fax 435-654-6456

Hours

  • Monday - Friday 9:30 AM - 8:00 PM
  • Saturday 9:30 AM - 1:30 PM
  • Closed Sundays and Holidays